00581nam a2200169Ia 4500008004100000020001500041041000800056082001800064100002000082245007500102250000600177260004400183300001400227650003500241999001900276952011600295210716s1987 xx 000 0 und d a031428494X aeng a658.4038 HICJ aHicks, James O. aManagement information systems: a user perspective.bUser perspective. a2 aNew YorkbWest publishing companyc1987 axxvii,623 aManagement Information Systems c198834d198834 00102ddc40738MBAaAIMITbAIMITd2005-01-31l0o658.4038 HICJpMBA01399r2025-07-21 00:00:00w2021-07-16yBK